Normal view
MARC view
Entry Geographic Name
001 - CONTROL NUMBER
- control field: 9257
003 - CONTROL NUMBER IDENTIFIER
- control field: ARRUPE
005 - DATE AND TIME OF LATEST TRANSACTION
- control field: 20140321161814.0
008 - FIXED-LENGTH DATA ELEMENTS
- fixed length control field: 140321|| aca||aabn | a|a d
040 ## - CATALOGING SOURCE
- Original cataloging agency: ARRUPE
- Transcribing agency: ARRUPE
151 ## - HEADING--GEOGRAPHIC NAME
- Geographic name: United States
- General subdivision: Social conditions
- Chronological subdivision: 21st century.
670 ## - SOURCE DATA FOUND
- Source citation: Work cat.: (ARRUPE)0: Stiglitz, Joseph E. 9253, The price of inequality :, c2012.